000 00540nam a2200181Ia 4500
001 9916
005 20260306161753.0
008 260306t2016||||xx |||||||||||||| ||spa||
041 _aESP
082 _a808.027
_bL45
100 _aLeón, Orfelio G.
_eAUT
245 0 _aCómo redactar textos científicos y seguir las normas APA 6.:
_b(para los trabajos de fin de grado, fin de máster, tesis doctorales y artículos)
260 _c2016
300 _a187 páginas :
_c24 cm.
650 _aGEN
654 _aCHU
942 _cLIB
_dJUS
_fJUS
_2ddc
_n
999 _c9916
_d9916